| 000 | 01055cam a22003135a 4500 | ||
|---|---|---|---|
| 001 | 13569382 | ||
| 003 | OSt | ||
| 005 | 20230626121319.0 | ||
| 008 | 030710s2003 ke a 000 0 eng | ||
| 010 | _a 2003405393 | ||
| 020 | _a9966948740 | ||
| 035 | _a(DLC) 2003405393 | ||
| 040 |
_aDLC _cDLC _dDLC |
||
| 042 | _alcode | ||
| 043 | _af-ke--- | ||
| 082 |
_a333.323 _bIND |
||
| 100 | 1 | _aIndetie, Livingstone. | |
| 245 | 1 | 0 |
_aEmergence of independent petroleum dealers in Kenya / _cLivingstone Indetie. |
| 260 |
_aNairobi, Kenya : _bInstitute of Policy Analysis and Research, _cc2003. |
||
| 300 |
_avi, 18 p. : _bcol. ill. ; _c23 cm. |
||
| 490 | 0 |
_aSR ; _vno. 04/2003 |
|
| 650 | 0 |
_aPetroleum industry and trade _zKenya. |
|
| 650 | 0 |
_aDistributors (Commerce) _zKenya. |
|
| 830 | 0 |
_aIPAR special report series ; _vno. 04. |
|
| 856 | 4 | 1 |
_3Table of contents _uhttp://www.loc.gov/catdir/toc/fy046/2003405393.html |
| 906 |
_a7 _bibc _corigode _d3 _encip _f20 _gy-gencatlg |
||
| 942 |
_2ddc _cBK |
||
| 999 |
_c2694 _d2694 |
||